| 000 | 00483nam a22001697a 4500 | ||
|---|---|---|---|
| 003 | NUST-PNEC | ||
| 005 | 20170116180743.0 | ||
| 008 | 150106b xxu||||| |||| 00| 0 eng d | ||
| 040 | _cPNEC | ||
| 082 | _a153.94 CAR | ||
| 100 |
_91179 _aCarter, Philip J. |
||
| 245 |
_aTake the IQ test _cPhilip J. Carter |
||
| 260 |
_aNew Delhi : _bCompetition Review Pvt. Ltd., _cc1997. |
||
| 300 |
_a128 p. : _bill.; _c 22 cm. |
||
| 650 |
_xGeneral Reading _916681 _aAptitude Tests |
||
| 942 |
_2ddc _cBK |
||
| 999 |
_c62258 _d62258 |
||